• 首页
  • 本馆介绍
  • 公告通知
  • 最新文献
  • 馆藏检索
  • 电子资源
  • 读者导购
  • 参考咨询
  • 我的图书馆
  • 登录
  • 详细信息显示
  • 放入我的书架
  • 预约/预借图书
  • 作者相关作品
  • 分类相关作品
  • 丛书相关作品
  • 出版社相关作品

书目信息

  • 表格格式
  • 工作单格式
  • 卡片格式
题名:
新时期水利工程与生态环境保护研究
    
 
作者: 张亮, 著
分册:  
出版信息: 北京   中国水利水电出版社  2019.01
页数: 220页
开本: 24cm
丛书名:
单 册:
中图分类: TV , X171.4
科图分类:
主题词: 水利工程--shui li gong cheng--关系--生态环境保护--研究
电子资源:
ISBN: 978-7-5170-7154-9
000 01390nam0 2200265 450
001 2373171470
005 20231127132522.45
010    @a978-7-5170-7154-9@dCNY62.00
100    @a20190424d2019 em y0chiy50 ea
101 0  @achi
102    @aCN@b110000
105    @aak a 000yy
200 1  @a新时期水利工程与生态环境保护研究@Axin shi qi shui li gong cheng yu sheng tai huan jing bao hu yan jiu@f张亮著
210    @a北京@c中国水利水电出版社@d2019.01
215    @a220页@c图@d24cm
300    @a华北水利水电大学高层次人才科研启动项目 (编号: 40522) 资助 国家科技支撑计划子课题 (编号: 2015BAD24B02-03) 资助 国家重点研发计划子课题 (编号: 2016YFC0400103-4) 资助
314    @a张亮, 男, 汉族, 博士, 副教育, 1978年生, 本科毕业于沈阳农业大学农田水利工程专业。
320    @a有书目 (第206-2220页)
330    @a本书重点围绕新时期水利工程的生态环境影响及调控措施, 系统介绍了新时期水利工程的基本建设及其发展特性, 揭示了生态环境对工程运行导致的水环境要素变化的适应性机制。全书共七章, 分别从水利工程的生态功能、水利工程生态环境效应、对水文环境的影响与保护、工程中的水环境与水生态等方面探讨研究水利工程与其相应的生态环境的可持续发展道路, 为我国生态水利学研究提供较有价值的参考资料。
606 0  @a水利工程@Ashui li gong cheng@x关系@x生态环境保护@x研究
690    @aTV@v5
690    @aX171.4@v5
701  0 @a张亮,@Azhang liang@f1978-@4著
801  0 @aCN@b人天书店@c20190424
905    @aBZT@dTV@e11
    
    新时期水利工程与生态环境保护研究/张亮著.-北京:中国水利水电出版社,2019.01
    220页:图;24cm
    华北水利水电大学高层次人才科研启动项目 (编号: 40522) 资助 国家科技支撑计划子课题 (编号: 2015BAD24B02-03) 资助 国家重点研发计划子课题 (编号: 2016YFC0400103-4) 资助
    
    ISBN 978-7-5170-7154-9:CNY62.00
    本书重点围绕新时期水利工程的生态环境影响及调控措施, 系统介绍了新时期水利工程的基本建设及其发展特性, 揭示了生态环境对工程运行导致的水环境要素变化的适应性机制。全书共七章, 分别从水利工程的生态功能、水利工程生态环境效应、对水文环境的影响与保护、工程中的水环境与水生态等方面探讨研究水利工程与其相应的生态环境的可持续发展道路, 为我国生态水利学研究提供较有价值的参考资料。
●
相关链接 在五车中查询图书 在当当中查询图书 在豆瓣中查询图书


正题名:新时期水利工程与生态环境保护研究     索取号:TV/11         预约/预借

序号 登录号 条形码 馆藏地/架位号 状态 备注
1 2001095265   2001095265   东辅楼二楼书库/ [索取号:TV/11] 在馆    
2 2001095266   2001095266   东辅楼二楼书库/ [索取号:TV/11] 在馆    
3 2001095267   2001095267   东辅楼二楼书库/ [索取号:TV/11] 在馆    
4 2001095268   2001095268   东辅楼二楼书库/ [索取号:TV/11] 在馆    
5 2001095269   2001095269   东辅楼二楼书库/ [索取号:TV/11] 在馆    
6 2001095270   2001095270   东辅楼二楼书库/ [索取号:TV/11] 在馆    
7 2001095271   2001095271   东辅楼二楼书库/ [索取号:TV/11] 在馆    
8 2001095272   2001095272   东辅楼二楼书库/ [索取号:TV/11] 在馆    
9 2001095273   2001095273   东辅楼二楼书库/ [索取号:TV/11] 在馆    
10 2001095274   2001095274   东辅楼二楼书库/ [索取号:TV/11] 在馆    
11 2001130896   2001130896   东辅楼二楼书库/ [索取号:TV/11] 在馆    
12 2001130897   2001130897   东辅楼二楼书库/ [索取号:TV/11] 在馆    
13 2001130898   2001130898   东辅楼二楼书库/ [索取号:TV/11] 在馆    
14 2001130899   2001130899   东辅楼二楼书库/ [索取号:TV/11] 在馆    
15 2001130900   2001130900   东辅楼二楼书库/ [索取号:TV/11] 在馆    
16 2001130901   2001130901   东辅楼二楼书库/ [索取号:TV/11] 在馆    
17 2001130902   2001130902   东辅楼二楼书库/ [索取号:TV/11] 在馆    
18 2001130903   2001130903   东辅楼二楼书库/ [索取号:TV/11] 在馆    
19 2001130904   2001130904   东辅楼二楼书库/ [索取号:TV/11] 在馆    
20 2001130905   2001130905   东辅楼二楼书库/ [索取号:TV/11] 在馆    
21 2001130906   2001130906   东辅楼二楼书库/ [索取号:TV/11] 在馆    
22 2001130907   2001130907   东辅楼二楼书库/ [索取号:TV/11] 在馆    
23 2001130908   2001130908   东辅楼二楼书库/ [索取号:TV/11] 在馆    
24 2001130909   2001130909   东辅楼二楼书库/ [索取号:TV/11] 在馆    
25 2001130910   2001130910   东辅楼二楼书库/ [索取号:TV/11] 在馆    
26 2001130911   2001130911   东辅楼二楼书库/ [索取号:TV/11] 在馆    
27 2001130912   2001130912   东辅楼二楼书库/ [索取号:TV/11] 在馆    
28 2001130913   2001130913   东辅楼二楼书库/ [索取号:TV/11] 在馆    
29 2001130914   2001130914   东辅楼二楼书库/ [索取号:TV/11] 在馆    
30 2001130915   2001130915   东辅楼二楼书库/ [索取号:TV/11] 在馆    
山东省滨州职业学院图书馆 欢迎您!
大连网信软件有限公司© 版权所有